000 00181nam a2200085Ia 4500
008 120527s9999 xx 000 0 und d
100 _aAnton, et al
245 _aCalculus
942 _cBK
999 _c27812
_d27812